Central Library and Information Centre
Sibsagar Girls' College, Sivasagar : Assam

MONEY BANKING INTERNATIONAL TRADE AND PUBLIC FINANCE (Record no. 5465)

MARC details
000 -LEADER
fixed length control field 00425cam a2200169ua 4500
008 - FIXED-LENGTH DATA ELEMENTS--GENERAL INFORMATION
fixed length control field 060101n1997 II |||gr||||Z||||||eng
040 ## - CATALOGING SOURCE
Original cataloging agency MAIN
041 ## - LANGUAGE CODE
-- English
082 ## - DEWEY DECIMAL CLASSIFICATION NUMBER
Classification number 336 MIT
100 ## - MAIN ENTRY--PERSONAL NAME
Personal name MITHANI, D. M.
245 ## - TITLE STATEMENT
Title MONEY BANKING INTERNATIONAL TRADE AND PUBLIC FINANCE
260 ## - PUBLICATION, DISTRIBUTION, ETC.
Place of publication, distribution, etc. MUMBAI
Name of publisher, distributor, etc. HIMALAYA PUBLISHING HOUSE
Date of publication, distribution, etc. 1997
300 ## - PHYSICAL DESCRIPTION
Extent 1100:
Dimensions 24CM.
942 ## - ADDED ENTRY ELEMENTS (KOHA)
Koha item type Books
653 ## - INDEX TERM--UNCONTROLLED
Uncontrolled term Public finance
Holdings
Withdrawn status Lost status Damaged status Not for loan Collection code Home library Current library Shelving location Date acquired Full call number Barcode Date last seen Copy number Price effective from Koha item type Public note
        TBECO Central Library and Information Centre Sibsagar Girls College Central Library and Information Centre Sibsagar Girls College ECONOMICS BOOK RACK 19.06.1995 336 MIT 13513 27.02.2020 1 27.02.2020 Books V
        TBECO Central Library and Information Centre Sibsagar Girls College Central Library and Information Centre Sibsagar Girls College Economics Rack 19.06.1995 336 MIT 13514 27.02.2020 2 27.02.2020 Books  


Sibsagar Girl's College © 2020. All rights reserved.
Powered by Koha.
Maintained by Abhijit Borpuzari.